00581nam a22001937a 450000500170000001000150001702000260003203500140005803700090007208200160008124500840009725000060018126000440018727000480023130000200027970000260029970000350032570000270036020240806162523.0 aENG-141243 c865.00a9788171773930 aEN-124777 bDBAD a338.6420954 aIndustry 5.0 and paradigm shift :bemerging challenges/cby editor: Namit Gupta a1 aNoidabAllied Publisher Pvt. Ltd.c2023 bUttar PradeshaD-5, sector-2, noidae201301 a356pc22cm(pbk) a Editor-Roopa Shinde a Editor-Rakesh Kumar Malviya  a Editor- Anjali Gupta